|
|
|
|
| LEADER |
00000nab a2200000 a 4500 |
| 001 |
vtls009152253 |
| 003 |
SK-MaSNL |
| 005 |
20260304151427.0 |
| 008 |
250506c2007 xo mr|p|||||||000 b|slo |
| 015 |
|
|
|a SNBRB2007/10
|2 snkbucl
|
| 035 |
|
|
|a (uuid)5fb213ff-62f1-4cfc-8a5a-a105b8576e2c
|
| 035 |
|
|
|a urn:nbn:sk:snk-ab9x4g
|
| 035 |
|
|
|a (urnnbn)urn:nbn:sk:snk:ar-a0934w
|
| 038 |
|
|
|a SNKBUCL
|
| 040 |
|
|
|a SNKBUCL
|b slo
|c SNKBUCL
|e AACR2
|
| 041 |
0 |
|
|a slo
|
| 044 |
|
|
|a xo
|c SK
|
| 080 |
|
|
|a 821.162.4-1
|2 2001
|
| 100 |
1 |
|
|a Barabas, Daniel,
|d 1985-
|4 aut
|9 1472861
|
| 245 |
1 |
0 |
|a Kráska
|b Moja ; Keďže nedokážem svietiť ...
|c Daniel Barabas
|
| 650 |
0 |
7 |
|a lyrické básne, slovenské
|2 snkbucl
|9 28980
|
| 740 |
0 |
2 |
|a Moja
|
| 740 |
0 |
2 |
|a Keďže nedokážem svietiť ...
|
| 773 |
0 |
|
|t RAK
|g Roč. XII, č. 6 (2007), s. 12-13
|x 1335-1702
|
| 850 |
|
|
|a Slovenská národná knižnica
|
| 852 |
|
|
|a Slovenská národná knižnica
|
| 958 |
|
|
|a article13
|
| 958 |
|
|
|a OND
|
| 958 |
|
|
|a LX
|
| 958 |
|
|
|a SK
|
| 958 |
|
|
|a EUIPO
|
| 999 |
|
|
|c 2943549
|d 2945479
|